| 000 | 00686nam a2200205 a 4500 | ||
|---|---|---|---|
| 005 | 20240924065844.0 | ||
| 008 | 030806s1969 mx r 000 0 spa d | ||
| 035 | _aUPN01000127555 | ||
| 049 | _aCG | ||
| 050 | 4 |
_aT62 _bR4.5 1969 |
|
| 111 | 2 | _aReunión sobre Educación Técnica y Formación Profesional (1969 : Buenos Aires) | |
| 245 | 0 | _aInforme final | |
| 260 |
_aWashington : _bUnión Panamericana, Consejo Interamericano Cultural, _c1969. |
||
| 300 |
_aii, 121 p. : _bil |
||
| 440 | 0 |
_aSerie A : _v1 |
|
| 500 | _a"Programa regional de desarrollo educativo" | ||
| 650 | 4 |
_aMaestros _xFormación profesional _zMéxico _9796 |
|
| 650 | 4 |
_aEnseñanza técnica _99074 |
|
| 905 | _aLibro | ||
| 999 |
_c99734 _d99734 |
||